000 00451nam a22001697a 4500
005 20251108164827.0
008 250721s1990 xx 000 0 ara d
082 1 4 _a885/فيص
100 1 _aزريقات، فيصل
245 1 0 _aخطابات الإسكندر /
264 1 _aعمان :
_bدار النسر،
_c1990.
300 _a69ص.
650 1 7 _aالخطابة
650 1 7 _aالأدب اليوناني
942 _2ddc
_cBK
999 _c15322
_d15322